El príncipe / (Registro nro. 5755)

Detalles MARC
000 -LEADER
fixed length control field 00672nam a2200217Ia 4500
003 - CONTROL NUMBER IDENTIFIER
control field OSt
005 - DATE AND TIME OF LATEST TRANSACTION
control field 20200402172954.0
008 - FIXED-LENGTH DATA ELEMENTS--GENERAL INFORMATION
fixed length control field 191128s1982 sp fr 000 0 spa d
020 ## - INTERNATIONAL STANDARD BOOK NUMBER
International Standard Book Number 8471662566
040 ## - CATALOGING SOURCE
Original cataloging agency CO-JMCR
Transcribing agency CO-JMCR
041 0# - LANGUAGE CODE
Language code of text/sound track or separate title spa
082 04 - DEWEY DECIMAL CLASSIFICATION NUMBER
Classification number 320 /
Item number M149p
100 1# - MAIN ENTRY--PERSONAL NAME
Personal name Machiavelli, Niccolo,
Relator term autor
9 (RLIN) 1726
245 10 - TITLE STATEMENT
Title El príncipe /
Statement of responsibility, etc. Niccolo Machiavelli
260 ## - PUBLICATION, DISTRIBUTION, ETC.
Place of publication, distribution, etc. Madrid :
Name of publisher, distributor, etc. Edaf,
Date of publication, distribution, etc. 1982
300 ## - PHYSICAL DESCRIPTION
Extent 251 páginas ;
Dimensions 17 cm.
501 ## - WITH NOTE
With note Con: Prefacio de Voltaire y del Antimaquiavelo o Examen del Príncipe / Federico el Grande, rey de Prusia.
650 14 - SUBJECT ADDED ENTRY--TOPICAL TERM
Topical term or geographic name entry element Ciencia política
9 (RLIN) 811
650 14 - SUBJECT ADDED ENTRY--TOPICAL TERM
Topical term or geographic name entry element Ética política
9 (RLIN) 1727
942 ## - ADDED ENTRY ELEMENTS (KOHA)
Source of classification or shelving scheme Dewey Decimal Classification
Koha item type Books
Existencias
Withdrawn status Lost status Source of classification or shelving scheme Damaged status Not for loan Collection code Home library Current library Date acquired Source of acquisition Cost, normal purchase price Total Checkouts Full call number Barcode Date last seen Copy number Price effective from Koha item type
    Dewey Decimal Classification     Non-fiction Biblioteca Pública José María del Castillo y Rada Biblioteca Pública José María del Castillo y Rada 04/15/2018 Donación 0.00   320 / M149p 430004134 05/16/2024 Ej.1 11/28/2019 Books